000
00346nam a2200169Ia 4500
100
_a
Samuel Smiles
650
_a
Philosophy
942
_c
BK
366
_f
25
654
_a
character
245
_a
Character
260
_b
Better Yourself Books
_a
Bandra
_c
2004
082
_a
170/SAM
_b
SAM
300
_a
160
546
_a
ENGLISH
999
_c
24440
_d
24440